[Event "Gernsheim U20 op 3rd"]
[Site "Gernsheim"]
[Date "2005.05.??"]
[Round "1"]
[White "Grass, Ernest"]
[Black "Leiter, Dominik"]
[Result "1-0"]
[WhiteElo "1549"]
[BlackElo "1096"]
[PlyCount "27"]
[EventDate "2005.05.??"]
[EventType "swiss"]
[EventRounds "7"]
[EventCountry "GER"]
[SourceTitle "EXT 2007"]
[Source "ChessBase"]
[SourceDate "2006.11.23"]
[SourceVersion "1"]
[SourceVersionDate "2006.11.23"]
[SourceQuality "1"]

1. e4 Nc6 2. d4 g6 3. Be3 Nf6 4. Nc3 Bg7 5. f3 d5 6. e5 Nd7 7. Qd2 0-0 8. h4 Nb6 9. h5 Bf5 10. g4 Bd7 11. hxg6 fxg6 12. Bh6 Bxh6 13. Qxh6 Nc4 14. Qxh7# 1-0